Az Athenaeum kézi lexikona. Köt. 2 Köt. 2 A tudományok encziklopédiája különös tekintette magyarországra. L-Z

Bibliographic Details
Main Author: Acsády, Ignác, 1845-1906 (Author)
Format: Book
Language:Hungarian
PhysicalDescription:8, 1904 s. 4° mp. a obr. príl.

MARC

LEADER 00000nam a2200000 a 4500
001 vtls001140582
003 SK-MaSNL
005 20260301153910.0
008 250414suuuu xx 0 hun
035 |a SNK000083435 
040 |a SNK  |b slo  |c SNK  |e AACR2 
041 0 |a hun 
044 |a xx 
080 |a 03=945.11  |2 1981 
100 1 |a Acsády, Ignác,  |d 1845-1906  |4 aut  |9 132864 
245 1 3 |a Az Athenaeum kézi lexikona. Köt. 2  |n Köt. 2  |p A tudományok encziklopédiája különös tekintette magyarországra. L-Z  |c Ignácz Acsády 
260 |e Budapest  |f Athenaeum  |g 1893 
300 |a 8, 1904 s.  |c 4°  |e mp. a obr. príl. 
852 |a Slovenská národná knižnica 
954 |a lexikóny maďarské 
958 |a RK 
999 |c 794865  |d 796795 
952 |t P60, <04>, [BOOK], {604}  |a SNK  |b SNK  |y VYP  |7 0  |p 17A0218293  |o snkIB 3404/2  |0 0  |1 0  |4 0  |d 1999-11-16  |l 0  |r 2005-01-01 00:00:00  |w 2026-02-24